BIBLIOTECA

SENCICO

Patología de fachadas : (Registro nro. 3847)

Detalles MARC
000 -LEADER
fixed length control field 00820nam a22002537a 4500
003 - CONTROL NUMBER IDENTIFIER
control field PE SENCICO BE
005 - DATE AND TIME OF LATEST TRANSACTION
control field 20251020182627.0
008 - FIXED-LENGTH DATA ELEMENTS--GENERAL INFORMATION
fixed length control field 230222b |||||||| |||| 00| 0 eng d
020 ## - INTERNATIONAL STANDARD BOOK NUMBER
International Standard Book Number 978-987-591-623-4
040 ## - CATALOGING SOURCE
Original cataloging agency PE SENCICO BE
Transcribing agency PE SENCICO BE
041 ## - LANGUAGE CODE
Language code of text/sound track or separate title spa
082 ## - DEWEY DECIMAL CLASSIFICATION NUMBER
Classification number 728.37
Item number Z36
100 1# - MAIN ENTRY--PERSONAL NAME
9 (RLIN) 675
Personal name Zanni, Enrique
Relator term autor
245 1# - TITLE STATEMENT
Title Patología de fachadas :
Remainder of title lesiones y métodos de limpieza de fachadas con revoques símil piedra /
Statement of responsibility, etc. Enrique Zanni
250 ## - EDITION STATEMENT
Edition statement 1a ed.
260 ## - PUBLICATION, DISTRIBUTION, ETC.
Place of publication, distribution, etc. Córdova :
Name of publisher, distributor, etc. Brujas,
Date of publication, distribution, etc. 2015
300 ## - PHYSICAL DESCRIPTION
Extent 92 p. :
Other physical details il. col., fotog.
Dimensions 24 cm.
504 ## - BIBLIOGRAPHY, ETC. NOTE
Bibliography, etc. note Bibliografía: p. 91-92.
650 14 - SUBJECT ADDED ENTRY--TOPICAL TERM
9 (RLIN) 676
Topical term or geographic name entry element Rehabilitación de edificios
650 24 - SUBJECT ADDED ENTRY--TOPICAL TERM
9 (RLIN) 77
Topical term or geographic name entry element Viviendas
650 24 - SUBJECT ADDED ENTRY--TOPICAL TERM
9 (RLIN) 677
Topical term or geographic name entry element Fachadas
910 ## - USER-OPTION DATA (OCLC)
-- hfp
-- hfp
942 ## - ADDED ENTRY ELEMENTS (KOHA)
Source of classification or shelving scheme Dewey Decimal Classification
Koha item type Libros
Classification part 728.37
Item part Z36
Existencias
Fecha de la última vez que lo usaron Número de ingreso o de inventario Pago total Signatura topográfica completa Precio efectivo desde Tipo de documento Estado perdido Sistema de clasificación Estado dañado No es para préstamo Retirado Ubicación permanente Ubicación actual Fecha de adquisición
22/02/2023 16313   728.37/Z36 22/02/2023 Libros   Dewey Decimal Classification       Biblioteca Central Lima Biblioteca Central Lima 22/02/2023